| 000 | 00802cam a2200301 4500 | ||
|---|---|---|---|
| 001 | |||
| 008 | 000000n1998 000 0 eng u | ||
| 020 | _a0862131669 | ||
| 035 | _a(Sirsi) u105420 | ||
| 050 | _a690 | ||
| 100 | _aHaverstock, Henry | ||
| 245 | _aBuilding design easibrief 1998 | ||
| 260 |
_aLondon _bMiller Freeman _c1998 |
||
| 300 | _a365p. ; 30cm. | ||
| 350 | _a53.40 | ||
| 650 | _aDESIGN | ||
| 650 |
_aBUILDING REGULATIONS _96224 |
||
| 650 | _aBUILT ENVIRONMENT-BUILDING MATERIALS | ||
| 650 | _aPLANNING | ||
| 650 | _aTECHNICAL INFORMATION | ||
| 650 | _aFINISHES | ||
| 650 | _aFITTINGS | ||
| 650 | _aFIXTURES | ||
| 650 | _aBUILT ENVIRONMENT-BUILDING MAINTENANCE AND REFURBISHMENT | ||
| 690 | _aBUILT ENVIRONMENT | ||
| 710 |
_aBuilding Design _91128 |
||
| 942 | _n0 | ||
| 999 |
_c100391 _d100391 |
||